[Event "Novy Bor op-A"]
[Site "Novy Bor"]
[Date "2013.02.12"]
[Round "4"]
[White "Liska, Jiri"]
[Black "Koudelka, Milos"]
[Result "0-1"]
[WhiteElo "1794"]
[BlackElo "1762"]
[PlyCount "68"]
[EventDate "2013.02.09"]
[EventType "swiss"]
[EventRounds "9"]
[EventCountry "CZE"]
[SourceTitle "CBM 152 Extra"]
[Source "ChessBase"]
[SourceDate "2013.02.25"]
[SourceVersion "1"]
[SourceVersionDate "2013.02.25"]
[SourceQuality "1"]

1. Nf3 g6 2. e4 Bg7 3. d4 d6 4. Be2 e6 5. 0-0 Ne7 6. Bg5 0-0 7. c3 h6 8. Bf4 b6 9. Nbd2 Bb7 10. h3 Nd7 11. Qc1 Kh7 12. Nh2 e5 13. Be3 f5 14. f3 Rc8 15. Bd3 d5 16. Qc2 c5 17. dxc5 Nxc5 18. exf5 Nxf5 19. Bxf5 Rxf5 20. Nb3 Ne6 21. Rad1 Qe7 22. Ng4 h5 23. Nh2 d4 24. Bd2 Ba6 25. Rfe1 d3 26. Qc1 Qb7 27. Be3 Nf4 28. Qd2 Ne2+ 29. Kh1 e4 30. Nd4 Nxd4 31. Bxd4 exf3 32. Nxf3 Rxf3 33. Kh2 Qc7+ 34. Kh1 Rxh3+ 0-1

[Event "Novy Bor op-A"]
[Site "Novy Bor"]
[Date "2013.02.10"]
[Round "2"]
[White "Richterova, Julie"]
[Black "Koudelka, Milos"]
[Result "0-1"]
[WhiteElo "1443"]
[BlackElo "1762"]
[PlyCount "66"]
[EventDate "2013.02.09"]
[EventType "swiss"]
[EventRounds "9"]
[EventCountry "CZE"]
[SourceTitle "CBM 152 Extra"]
[Source "ChessBase"]
[SourceDate "2013.02.25"]
[SourceVersion "1"]
[SourceVersionDate "2013.02.25"]
[SourceQuality "1"]

1. d4 d5 2. c4 e6 3. Nc3 Nf6 4. Nf3 Be7 5. Bf4 c6 6. e3 Nbd7 7. Bd3 b6 8. cxd5 Nxd5 9. Nxd5 exd5 10. 0-0 Nf6 11. Rc1 Bb7 12. Qe2 0-0 13. Rc2 c5 14. Rfc1 c4 15. Bf5 g6 16. Bh3 Re8 17. b3 b5 18. Nd2 Nh5 19. Qf3 Nxf4 20. Qxf4 Bg5 21. Qg3 Bh6 22. Rb1 Bc6 23. a4 a6 24. Re1 Bg7 25. Qf4 Qf6 26. Qxf6 Bxf6 27. g3 Bxd4 28. Rcc1 Bb2 29. Rc2 c3 30. Nf3 bxa4 31. b4 a3 32. Nd4 Ba4 33. Rxb2 cxb2 0-1

[Event "Ostrava Konik op-C"]
[Site "Ostrava"]
[Date "2012.04.30"]
[Round "3"]
[White "Petrov, Bogoljub"]
[Black "Koudelka, Milos"]
[Result "1-0"]
[WhiteElo "1909"]
[BlackElo "1724"]
[PlyCount "103"]
[EventDate "2012.04.28"]
[EventType "swiss"]
[EventRounds "9"]
[EventCountry "CZE"]
[SourceTitle "CBM 148 Extra"]
[Source "ChessBase"]
[SourceDate "2012.06.22"]
[SourceVersion "1"]
[SourceVersionDate "2012.06.22"]
[SourceQuality "1"]

1. f4 d5 2. Nf3 e6 3. e3 Nf6 4. d4 a6 5. c3 c5 6. Nbd2 Nc6 7. Bd3 c4 8. Bc2 Be7 9. Ne5 Nxe5 10. fxe5 Nd7 11. 0-0 g6 12. e4 Nb6 13. Nf3 Bd7 14. Qe2 Bc6 15. Bh6 dxe4 16. Bxe4 Bxe4 17. Qxe4 Qd5 18. Qf4 0-0-0 19. Qxf7 Rd7 20. Qf4 Bd8 21. Rae1 Rg8 22. Bg5 Bxg5 23. Nxg5 h6 24. Nf7 g5 25. Qf6 Kb8 26. Qxh6 Re7 27. Qf6 Qd7 28. Nxg5 Reg7 29. h4 Nd5 30. Qf3 Ne7 31. Re2 Nf5 32. g3 Qe7 33. Rg2 Rg6 34. Qf4 Ka8 35. Rf3 Rf8 36. Ne4 Rfg8 37. Nf6 R8g7 38. d5 Qc5+ 39. Kh2 Nh6 40. dxe6 Ng4+ 41. Nxg4 Rxg4 42. Qf8+ Qxf8 43. Rxf8+ Ka7 44. Rf7 R7g6 45. Rf6 Rg7 46. Rf4 R4g6 47. Rxc4 Rxe6 48. Re4 Rf7 49. g4 Rh6 50. g5 Re6 51. g6 Rf8 52. h5 1-0

[Event "Ostrava Konik op-C"]
[Site "Ostrava"]
[Date "2011.05.03"]
[Round "4"]
[White "Koudelka, Milos"]
[Black "Tatarcik, Vladimir"]
[Result "0-1"]
[WhiteElo "1694"]
[BlackElo "1902"]
[PlyCount "62"]
[EventDate "2011.04.30"]
[EventType "swiss"]
[EventRounds "9"]
[EventCountry "CZE"]
[SourceTitle "CBM 142 Extra"]
[Source "ChessBase"]
[SourceDate "2011.06.27"]
[SourceVersion "1"]
[SourceVersionDate "2011.06.27"]
[SourceQuality "1"]

1. e4 c5 2. Nf3 d6 3. d4 cxd4 4. Nxd4 Nf6 5. Nc3 a6 6. Bd3 e5 7. Nf3 Nc6 8. a3 Be6 9. 0-0 Be7 10. Qe2 h6 11. h3 b5 12. Bd2 0-0 13. Rad1 Re8 14. Nxb5 axb5 15. Bxb5 Qc7 16. c4 Rec8 17. Rc1 Nd7 18. Be3 Bf8 19. Nd2 g6 20. Rc3 Bg7 21. Rc2 f5 22. f4 exf4 23. Bxf4 Nd4 24. Qd3 Nc5 25. Qxd4 Bxd4+ 26. Kh1 Kg7 27. Nf3 Be5 28. Bxe5+ dxe5 29. exf5 Bxf5 30. Rd2 Ne4 31. Re2 Ng3+ 0-1

[Event "Ostrava Konik op-C"]
[Site "Ostrava"]
[Date "2011.05.01"]
[Round "2"]
[White "Perik, Alois"]
[Black "Koudelka, Milos"]
[Result "1-0"]
[WhiteElo "1875"]
[BlackElo "1694"]
[PlyCount "89"]
[EventDate "2011.04.30"]
[EventType "swiss"]
[EventRounds "9"]
[EventCountry "CZE"]
[SourceTitle "CBM 142 Extra"]
[Source "ChessBase"]
[SourceDate "2011.06.27"]
[SourceVersion "1"]
[SourceVersionDate "2011.06.27"]
[SourceQuality "1"]

1. c4 e5 2. Nc3 b6 3. Nf3 d6 4. d4 exd4 5. Nxd4 Bb7 6. e4 Nd7 7. Be2 Ngf6 8. Bg5 h6 9. Bxf6 Nxf6 10. Bf3 Be7 11. 0-0 0-0 12. Re1 Nd7 13. Be2 Bf6 14. Nd5 Bxd5 15. cxd5 Be5 16. Nc6 Qf6 17. Nxe5 dxe5 18. Rc1 Nc5 19. f3 a5 20. a3 Ra7 21. b4 axb4 22. axb4 Nd7 23. Bb5 Nb8 24. Ra1 Rxa1 25. Qxa1 Qd6 26. Qa4 g6 27. Rc1 Kg7 28. Qb3 f5 29. Qc3 Rf7 30. f4 Kf6 31. exf5 gxf5 32. Re1 Re7 33. Qh3 Kg6 34. fxe5 Qxb4 35. Qg3+ Qg4 36. Qc3 Kh7 37. e6 Qg7 38. Qf3 Qf6 39. Bd3 Kh8 40. Bxf5 Qd4+ 41. Kh1 Nd7 42. Rd1 Qe5 43. Qh5 Nf6 44. Qxh6+ Nh7 45. Bxh7 1-0

[Event "Ostrava op"]
[Site "Ostrava"]
[Date "2009.05.09"]
[Round "8"]
[White "Polach, Zdenek"]
[Black "Koudelka, Milos"]
[Result "1/2-1/2"]
[WhiteElo "1885"]
[BlackElo "1705"]
[PlyCount "28"]
[EventDate "2009.05.02"]
[EventType "swiss"]
[EventRounds "9"]
[EventCountry "CZE"]
[SourceTitle "EXT 2011"]
[Source "ChessBase"]
[SourceDate "2010.11.26"]
[SourceVersion "1"]
[SourceVersionDate "2010.11.26"]
[SourceQuality "1"]

1. e4 e5 2. Nf3 Nf6 3. Nxe5 d6 4. Nf3 Nxe4 5. d4 d5 6. Bd3 Be7 7. c4 Bf5 8. Qb3 Nd7 9. cxd5 Nb6 10. Nc3 Nxc3 11. Bxf5 Ncxd5 12. 0-0 0-0 13. Bd2 Bf6 14. Rfe1 Re8 1/2-1/2

[Event "Klatovy op-B"]
[Site "Klatovy"]
[Date "2005.??.??"]
[Round "2"]
[White "Maly, Pavel"]
[Black "Koudelka, Milos"]
[Result "1-0"]
[WhiteElo "1900"]
[BlackElo "1650"]
[PlyCount "59"]
[EventDate "2005.07.02"]
[EventType "swiss"]
[EventRounds "9"]
[EventCountry "CZE"]
[SourceTitle "EXT 2006"]
[Source "ChessBase"]
[SourceDate "2005.11.24"]
[SourceVersion "1"]
[SourceVersionDate "2005.11.24"]
[SourceQuality "1"]

1. e4 c6 2. Nc3 d5 3. Nf3 dxe4 4. Nxe4 Nf6 5. Nxf6+ exf6 6. Bc4 Bd6 7. h3 Nd7 8. d4 Nb6 9. Bd3 Be6 10. b3 Qd7 11. c4 Be7 12. Be3 Bb4+ 13. Bd2 Bxd2+ 14. Qxd2 Rd8 15. 0-0-0 Qc7 16. g4 Nd7 17. Nh4 Nf8 18. Nf5 Rg8 19. Bc2 Ng6 20. Rhe1 Nf4 21. Re4 g5 22. Qe3 b6 23. d5 cxd5 24. cxd5 Rxd5 25. Rxd5 Nxd5 26. Rxe6+ fxe6 27. Qxe6+ Ne7 28. Nxe7 Qxe7 29. Qxg8+ Kd7 30. Qxh7 1-0